000 00883 a2200229 4500
005 20260325163322.0
008 260325b |||||||| |||| 00| 0 eng d
020 _a9788173097737 (pbk)
037 _cTB
040 _aCRL
_cCRL
041 _2hin
_ahin
084 _aQ1:24x 152Q3
_qCRL
100 _aकुमार, इला
_9862685
245 _aउपनिषद् की कहानियाँ
260 _aनई दिल्ली, भारत:
_bसस्ता साहित्य मण्डल प्रकाशन,
_c2018.
300 _a64पृ.
365 _b60.00
_cINR
650 _aधर्म
650 _aउपनिषद्
942 _cTB
_2CC
_hQ1:24x 152Q3
999 _c1467153
_d1467153